| 000 | 00567nam a22002177a 4500 | ||
|---|---|---|---|
| 001 | 00028569 | ||
| 005 | 20260316102840.0 | ||
| 008 | 260316b ag ||||| |||| 00| 0 spa d | ||
| 020 | _a9788484531920 | ||
| 040 |
_aAR-CcCEOS _bspa _cAR-CcCEOS |
||
| 041 | _aspa | ||
| 080 | _a982 | ||
| 090 | _bEST | ||
| 100 | 1 |
_aEstulin, Daniel _9899 |
|
| 245 |
_aLa historia definitiva de El club Bilderberg / _cDaniel Estulin |
||
| 250 | _a1ª ed. | ||
| 264 |
_aEspaña : _bPlaneta, _cc2013 |
||
| 300 |
_a491 p. ; _c24x15 cm. |
||
| 650 | 0 |
_ahistoria _990 |
|
| 942 |
_2udc _cBK _n0 |
||
| 999 |
_c28599 _d28599 |
||